Aby odpady nekončily s nulovou hodnotou

Cirkulačná ekonomika. Budovanie a uskutočnenie obehového hospodárstva. Česká legislatíva obehovej ekonomiky. Vzťahy priemyselných podnikov k ekológii. Motivácia podnikov a obcí k ekologickému chovaniu. Česká asociace oběhového hospodářství (ČAObH). Česká asociace odpadového hospodářství (ČAOH).

Salvato in:
Dettagli Bibliografici
Autore principale: Geussová, Milena
Altri autori: Kužvart, Miloš
Natura: Capitolo di libro
Lingua:ceco
Soggetti:
Tags: Aggiungi Tag
Nessun Tag, puoi essere il primo ad aggiungerne!!

MARC

LEADER 00000naa a2200000 4500
001 0268773
005 20200928153007.8
041 0 |a cze 
044 |a CZ 
245 1 0 |a Aby odpady nekončily s nulovou hodnotou  |c Milena Geussová, Miloš Kužvart 
520 |a Cirkulačná ekonomika. Budovanie a uskutočnenie obehového hospodárstva. Česká legislatíva obehovej ekonomiky. Vzťahy priemyselných podnikov k ekológii. Motivácia podnikov a obcí k ekologickému chovaniu. Česká asociace oběhového hospodářství (ČAObH). Česká asociace odpadového hospodářství (ČAOH). 
610 2 0 |a hospodárstvo obehové 
610 2 0 |a priemysel 
610 2 0 |a obce 
610 2 0 |a ekológia 
610 2 0 |a odpad 
610 2 0 |a legislatíva 
610 2 0 |a Česko 
100 1 |a Geussová, Milena 
700 1 |a Kužvart, Miloš